000
00327nam a2200133Ia 4500
008
200103s9999||||xx |||||||||||||| ||und||
040
_a
IMU-MPC
082
_a
Column-19
100
_a
Rosenthal, Stanley A.
245
0
_a
Engineering Economics and Practice
260
_b
Macmillan, London
_c
1964
300
_a
x, 180
942
_c
BK
999
_c
6389
_d
6389